CompTIA Acronyms 14 - Statistics

General Stats
  • This quiz has been taken 14 times
  • The average score is 8 of 25
Answer Stats
Hint Answer % Correct
VPN Virtual Private Network
100%
WAN Wide Area Network
100%
VM Virtual Machine
75%
VGA Video Graphics Array
50%
VRAM Video Random Access Memory
50%
VLAN Virtual LAN
50%
VoIP Voice over Internet Protocol
50%
WAP Wireless Access Point/Wireless Access Protocol
50%
WLAN Wireless Local Area Network
50%
XGA Extended Graphics Array
25%
VDI Virtual Desktop Infrastructure
25%
VFAT Virtual File Allocation Table
25%
WPS WiFi Protected Setup
25%
WEP Wired Equivalent Privacy
25%
WIFI Wireless Fidelity
25%
WPA Wireless Protected Access
25%
WWAN Wireless Wide Area Network
25%
ZIF Zero-Insertion-Force
25%
VESA Video Electronics Standards Association
0%
VNC Virtual Network Computer
0%
WUXGA Wide Ultra Extended Graphics Array
0%
WPA2 WiFi Protected Access 2
0%
WINS Windows Internet Name System
0%
WMN Wireless Mesh Network
0%
ZIP Zigzag Inline Package
0%
No matching quizzes found
Score Distribution
Percent of People with Each Score
Percentile by Number Answered
Your Score History
You have not taken this quiz